000 00425 a2200157 4500
999 _c320934
_d320934
001 85861
003 NUST
005 20180121120522.0
008 180121b xxu||||| |||| 00| 0 eng d
020 _a1557751854
082 _a332.1 DOW
100 _aPatrick Downes ; Reza Vaez-Zadeh
_99345
245 _aThe evolving role of central banks
_hEnglish
250 _a1st
260 _aWashington
_bCentral Banking Department
_c1991
300 _axi 458 p.
500 _aGifted By AM Masood Akhtar
942 _acaenust
_cBK
_k332.1DOW
_2ddc